006550000a22001450004500090001400000100002800014700003200042245009700074500004500171041001300216942001300229773007600242999001700318952017400335 aARb042051 aHowden, Henry F.9980691 aCartwrigth, Oscar L.99807510aScarab beetles of the genus Onthophagus latreille North of Mexico (Coleoptera: Scarabaeidae) a0 aInglés cARTICULO1 tProceeding of the United States National Museumh3467q1-135d1963g114 c13302d13302 001040718HEMEROTECAaBogotabBogotad2006-11-09eTrujillo, DiegohFuera de circulaciónl0oAR 04205p023643r2015-03-25 00:00:00t1w2015-03-25xEntregadoyARTICULO